000 00679cam a22002413a 4500
001 552
003 PGUSA
005 20140828082949.0
008 960601s1996||||xxu|||||s|||||000 1 eng d
040 _aPGUSA
_beng
042 _adc
050 4 _aPS
100 1 _aBurroughs, Edgar Rice,
_d1875-1950
245 1 4 _aThe People That Time Forgot
_h[electronic resource] /
_cEdgar Rice Burroughs
260 _bProject Gutenberg,
_c1996
506 _aPublic domain in the USA.
516 _aElectronic text
653 _aLost continents -- Fiction
653 _aScience fiction
830 0 _aProject Gutenberg
_v552
856 4 0 _uhttp://www.gutenberg.org/ebooks/552
942 _cEB
999 _c229903
_d229903